Anatomy of the newborn; an atlas

Uloženo v:
Podrobná bibliografie
Hlavní autor: Crelin, Edmund S., 1923-
Médium: Kniha
Jazyk:English
Vydáno: Philadelphia, Lea & Febiger, 1969.
Témata:
LEADER 00864nam a2200229 4500
001 c000134488
003 CARM
005 00000000000000.0
008 690327s1969 paua 00110 eng
019 1 |a 7530  |5 LACONCORD2021 
035 |a (OCoLC)2429  |5 LACONCORD2021 
050 0 0 |a QM25  |b .C7 1969 
082 0 0 |a 611 
100 1 |a Crelin, Edmund S.,  |d 1923- 
245 1 0 |a Anatomy of the newborn;  |b an atlas  |c [by] Edmund S. Crelin. 
260 |a Philadelphia,  |b Lea & Febiger,  |c 1969. 
300 |a xiii, 256 p.  |b (chiefly illus. (part col.))  |c 32 cm. 
650 0 |a Infants (Newborn)  |x Anatomy  |x Atlases. 
650 0 |a Human anatomy  |x Atlases. 
852 8 |b CARM  |h A2:AE11D3  |i E00011  |p 0004975  |f BK 
999 f f |i 8a372f17-d1b4-5975-a6d3-382c7a1c1b7a  |s f1015fe5-a27d-5a13-899f-1f27ca30a2a6 
952 f f |p Can circulate  |a CAVAL  |b CAVAL  |c CAVAL  |d CARM 1 Store  |e E00011  |f A2:AE11D3  |h Other scheme  |i book  |m 0004975